Ecological characteristics of para rubber (Hevea brasiliensis Muell. Arg) productivity in the Niger Delta region of Nigeria (Record no. 57557)

MARC details
000 -LEADER
fixed length control field 00477nam a2200133Ia 4500
100 ## - MAIN ENTRY--AUTHOR NAME
Personal name Bisong Binang Walter
245 #0 - TITLE STATEMENT
Title Ecological characteristics of para rubber (Hevea brasiliensis Muell. Arg) productivity in the Niger Delta region of Nigeria
260 ## - PUBLICATION, DISTRIBUTION, ETC. (IMPRINT)
Name of publisher International Journal of Plant & Soil Science
Year of publication 2017
300 ## - PHYSICAL DESCRIPTION
Number of Pages 10-Jan
500 ## - GENERAL NOTE
General note Source Year: 2017
856 ## - ELECTRONIC LOCATION AND ACCESS
Uniform Resource Identifier Copy of article (Online)
942 ## - ADDED ENTRY ELEMENTS (KOHA)
Koha item type Journals
Holdings
Withdrawn status Lost status Damaged status Not for loan Home library Current library Shelving location Date acquired Serial Enumeration / chronology Koha item type
      Journals RRII Library RRII Library Climate change 17/12/2021 Volume 14, Issue 4 Journals